Kapybary na útěku /
Raul, Emmy a Tristan jsou pěkní rošťáci. Už je zjevně nebaví být součástí zoo. A tak vymyslí mazaný plán jak prchnout za plot a užít si. Pomyslel ale někdo z nich, že to může být i nebezpečné?
Uloženo v:
| Série: | Tři kapybary,
část 1 |
|---|---|
| Hlavní autor: | |
| Další autoři: | , |
| Médium: | E-kniha |
| Jazyk: | Czech |
| Vydáno: |
V Praze :
Fragment,
2026
|
| Vydání: | 1. vydání |
| Témata: | |
| Příbuzné jednotky: | Z cyklu::
Tři kapybary |
| Tagy: |
Žádné tagy |
| LEADER | 02826nam a2200529 i 4500 | ||
|---|---|---|---|
| 001 | 312916 | ||
| 003 | CZ PrSKC | ||
| 005 | 20260601215730.0 | ||
| 007 | ta | ||
| 008 | 260305s2026 xr a b 000 j cze | ||
| 015 | |a cnb003741138 | ||
| 020 | |a 9788025376706 |q (vázáno) : |c Kč 299,00 | ||
| 035 | |a (OCoLC)1584377432 | ||
| 040 | |a ABG001 |b cze |e rda | ||
| 041 | 1 | |a cze |h ger | |
| 072 | 7 | |a 821.112.2-3 |x Německá próza, německy psaná |2 Konspekt | |
| 072 | 7 | |a 821-93 |x Literatura pro děti a mládež (beletrie) |2 Konspekt | |
| 080 | |a 821.112.2(436)-32 |2 MRF | ||
| 080 | |a 821-93 |2 MRF | ||
| 080 | |a (0:82-321.3) |2 MRF | ||
| 100 | 1 | |a Bär, Matthäus, |d 1989- |7 xx0342404 |4 aut | |
| 240 | 1 | 0 | |a Drei Wasserschweine brennen durch. |l Česky |
| 245 | 1 | 0 | |a Kapybary na útěku / |c Matthäus Bär ; ilustrovala Anika Voigtová ; z německého originálu přeložila Petra Kubašková |
| 250 | |a 1. vydání | ||
| 264 | 1 | |a V Praze : |b Fragment, |c 2026 | |
| 300 | |a 128 stran : |b barevné ilustrace ; |c 22 cm | ||
| 336 | |a text |b txt |2 rdacontent | ||
| 337 | |a bez média |b n |2 rdamedia | ||
| 338 | |a svazek |b nc |2 rdacarrier | ||
| 520 | 2 | |a Raul, Emmy a Tristan jsou pěkní rošťáci. Už je zjevně nebaví být součástí zoo. A tak vymyslí mazaný plán jak prchnout za plot a užít si. Pomyslel ale někdo z nich, že to může být i nebezpečné? |b Tři kapybary - Raula, Emmy a Tristana - už omrzelo trávit čas jen na louce v zoo. A protože to jsou nerozluční parťáci, kteří mají hlavu plnou nápadů, vymyslí plán, jak se dostat za plot. Co je v neznámém světě čeká? Nikdo neví. Možná nekonečné lány trávy, možná noví kamarádi, ale určitě to nejbláznivější kapybaří dobrodružství. Nakladatelská anotace. | |
| 521 | 8 | |a Pro čtenáře od 8 let | |
| 655 | 7 | |a rakouské příběhy |7 fd183189 |2 czenas | |
| 655 | 7 | |a dobrodružné příběhy |7 fd132060 |2 czenas | |
| 655 | 7 | |a publikace pro děti |7 fd133156 |2 czenas | |
| 655 | 9 | |a Austrian stories |2 eczenas | |
| 655 | 9 | |a adventure stories |2 eczenas | |
| 655 | 9 | |a children's literature |2 eczenas | |
| 700 | 1 | |a Voigt, Anika, |d 1979- |7 xx0342421 |4 ill | |
| 700 | 1 | |a Kubašková, Petra, |d 1978- |7 xx0147637 |4 trl | |
| 710 | 2 | |a Fragment (nakladatelství) |7 ko2004244768 |4 pbl | |
| 787 | 0 | 8 | |i Z cyklu: |t Tři kapybary |g 1 |
| 900 | |a ABA001 |b 20 | ||
| 928 | 9 | |a Albatros Media - Fragment | |
| 044 | |a xr | ||
| 910 | |a RBIT002 | ||
| 998 | |d 425011 |a https://core.palmknihy.cz/api/books/425011/cover?tadl0l |b https://core.palmknihy.cz/api/books/425011/cover/400?tadl0l |c https://core.palmknihy.cz/api/books/425011/cover/50?tadl0l |e 2030-04-22 |g 136 |i 9788025376706 |j https://core.palmknihy.cz/api/books/425011/preview.epub |k https://core.palmknihy.cz/api/books/425011/preview.pdf |l |q 49 |r 1 |s https://www.palmknihy.cz/kniha/425011 |t ebook |y 2026 |z 0 | ||
| 999 | |d 312914 | ||